|
|
|
|
| LEADER |
00000nam a2200000 i 4500 |
| 001 |
1/67417 |
| 008 |
990121s1977 gre d |
| 035 |
|
|
|l 10047474
|
| 040 |
|
|
|a GR-MY-UA
|b gre
|e aacr
|
| 041 |
0 |
|
|a gre
|
| 082 |
0 |
|
|a 843
|
| 100 |
1 |
|
|a Prevert, Jacques.
|
| 245 |
1 |
0 |
|a Λόγια και άλλα... /
|c Ζακ Πρεβέρ ; μετάφραση: Δημήτρης Καλοκύρης
|
| 250 |
|
|
|a 2η έκδ.
|
| 260 |
|
|
|a Αθήνα :
|b Νεφέλη,
|c 1977
|
| 300 |
|
|
|a 68 σ.
|
| 650 |
0 |
0 |
|a French literature.
|
| 650 |
0 |
0 |
|a French essays.
|
| 700 |
1 |
|
|a Καλοκύρης, Δημήτρης Κ.,
|d 1948-
|4 trl
|
| 852 |
|
|
|a INST
|b RHODES
|e 19990121
|h 843 PRE
|p 005400005695
|q 005400005695
|t BK
|y 0
|
| 901 |
|
|
|a BIBL-1999-1
|
| 909 |
|
|
|a Ρ
|b 053786
|c 1998
|
| 922 |
|
|
|a 4ΕΛΗ
|b 199802
|c ΚΠΣ/Ν
|d EMVASIS
|
| 970 |
|
|
|z 2000/06/ΚΑΤΕΡΙΝΑ
|